000 01112nam a2200205 a 4500
001 58639
005 20180714055321.0
008 140415s2009 mx 000 0 spa d
020 _a9786071702050
041 _aspa
082 _a001.42
_bRIV
100 1 _aRIVERA HEREDIA, MARIA ELENA
245 1 0 _aCOMPETENCIAS PARA LA INVESTIGACION :
_bDESARROLLO DE HABILIDADES Y CONCEPTOS
250 _a1a ed.
260 _aMEXICO :
_bTRILLAS,
_c2009
300 _a159
_c15.1 x 1 x 23
520 _aEL PROPOSITO DE ESTA OBRA ES APORTAR HERRAMIENTAS PRACTICAS Y UTILES QUE FACILITEN EL DESARROLLO DE HABILIDADES Y COMPETENCIAS PARA LA INVESTIGACION EN LOS ESTUDIANTES DE BACHILLERATO, LICENCIATURA Y POSGRADO, EN CUALQUIER CAMPO DE ESTUDIO. PARA LOGRARLO SE IDENTIFICAN EN PRIMER LUGAR LAS COMPETENCIAS BASICAS Y LAS ESPECIALIZADAS EN MATERIA DE INVESTIGACION, Y A PARTIR DE ELLO SE DESARROLLA UN INVENTARIO DE HABILIDADES Y COMPETENCIAS EN INVESTIGACION.
650 1 4 _aINVESTIGACION
_xMETODOLOGIA
700 1 _aARANGO PINTO, LUIS GABRIEL -TORRES VILLASEÑOR, CLAUDIA KARINA -SALGADO BRITO, ROSA
_ecoaut.
999 _c58639
_d58639